000 01084nam a22002175i 4500
001 156410
003 ES-MaACL
005 20250909230556.0
008 960329s1877 sp |||| | spa d
040 _aCLM
_bspa
_cCLM
100 1 _aJordana y Morera, José.
_966936
245 1 0 _aApuntes sobre los montes y la agricultura Norte-Americana
_b: memoria elevada al Sr. Ministro de Fomento /
_cpor José Jordana y Morera , Sebastián Vidal y Soler.
260 _aMadrid :
_b[s.n.],
_c1877 (
_fTipografía-Estereotipia Perojo)
300 _a32 p., [8] h. de lám. ;
_c23 cm.
650 7 _aAgricultura-
_zEstados Unidos
_2
_9156308
650 4 _aBosques-
_zEstados Unidos.
_9156309
700 1 1 _aVidal y Soler, Sebastián,
_d1842-1889
_9114528
852 _aES-MaACL
_jT-251-F-8
_z-- Enc. hol.
_q-- Falto de las hh. de lám.
_z-- Enc. en un vol. facticio
_x-- Edic.: corregir T300 60 p.
852 _aES-MaACL
_jG-9533
_z-- Enc. hol.
_z-- Enc. en un vol. facticio
_x-- Edic.: corregir en T300 60 p. -- Las hh. de lám., modelos de sierras mecánicas
999 _c156410
_d156410